000 00794nam a2200253Ia 4500
003 OSt
005 20220928124329.0
006 a|||||r|||| 00| 0
007 ta
008 220927b |||||||| |||| 00| 0 eng d
020 _c4390.1700000000001
024 _a128432
037 _b239, 03/02/2016, Classic Book Service
_cTextual
040 _aSDCL
_cSDCL
_beng
041 _2eng
_aeng
082 _aS:84g, Q3
100 _aKhazan Inna Z.
_9464423
245 0 _aClinical handbook of biofeedback
_b A step-by-step guide for trainign and practice with mindfulness
260 _aUK
_bWiley
_c2013
300 _axv;338p.
_ccm.
650 _aApp Psychology
942 _hS:84g, Q3
_cTEXL
_2CC
999 _c777335
_d777335